| 000 | 01136cab a2200361 4500 | ||
|---|---|---|---|
| 001 | ABS49666 | ||
| 008 | 090401t1993 xxu||||| |||| 00| 0 eng d | ||
| 035 | _a(Sirsi) u72222 | ||
| 041 | _aeng | ||
| 100 | _aMadge, N. | ||
| 245 | 2 | _aA question of quality | |
| 260 | _c1993 | ||
| 350 | _a0 | ||
| 490 |
_aLaw Society`s Gazette _v90(40) 3 November 1993, 28-31; 90(41) 10 November |
||
| 520 | _aExamines the lessee`s liability for payment of service charges, when the charges are very high or when the level of service provided is unsatisfactory. | ||
| 650 | _aCOVENANTS | ||
| 650 | _aFEES | ||
| 650 | _aFLATS | ||
| 650 | _aHOUSING AND PLANNING ACT 1986 S4 | ||
| 650 | _aLANDLORD AND TENANT ACT 1985 S20 | ||
| 650 | _aLANDLORD AND TENANT ACT 1985 | ||
| 650 | _aLEASES | ||
| 650 | _aLIABILITY | ||
| 650 | _aMANAGING AGENTS | ||
| 650 |
_aProperty management _96262 |
||
| 650 | _aRECOVERY | ||
| 650 | _aREPAIRS | ||
| 650 | _aSECTION 20 NOTICES | ||
| 650 | _aSERVICE CHARGES | ||
| 690 | _aPROPERTY-RESIDENTIAL PROPERTY-RESIDENTIAL LANDLORD AND TENANT-RESIDENTIAL TENANCIES | ||
| 942 | _n0 | ||
| 948 | _c04/03/1997 | ||
| 999 |
_c45599 _d45599 |
||